Gyorsabb, gazdaságosabb vasúti szállítás tettek és tennivalók a szegedi vasútigazgatóság területén /

Elmentve itt :
Bibliográfiai részletek
Szerző: Simai Mihály
Dokumentumtípus: Cikk
Megjelent: 1973-01-07
Sorozat:Délmagyarország 63 No. 5
Kulcsszavak:MÁV Igazgatóság, Vasút fejlesztése tervek Magyarország 1973
Online Access:http://dmarchiv.bibl.u-szeged.hu/69760
LEADER 00581nab a2200157 i 4500
001 delm69760
005 20180927153636.0
008 180927s1973 hu o 0|| hun d
040 |a SZTE Délmagyarország Archívum  |b hun 
041 |a hun 
100 1 |a Simai Mihály 
245 1 0 |a Gyorsabb, gazdaságosabb vasúti szállítás   |h [elektronikus dokumentum] :  |b tettek és tennivalók a szegedi vasútigazgatóság területén /  |c  Simai Mihály 
260 |c 1973-01-07 
300 |a 1 
490 0 |a Délmagyarország  |v 63 No. 5 
695 |a MÁV Igazgatóság, Vasút fejlesztése tervek Magyarország 1973